000 00595nam a2200205Ia 4500
003 GCL
008 140319s9999 xx 000 0 ara d
040 _aGCL /
_cGCL
082 0 4 _a746.43
_bع ك
100 1 _aعنايات المهدى
245 1 0 _aكل شى عن فن المكرمية /
_cعنايات المهدى
260 _a[S.N] :
_bمكتبة ابن سيناء ،
_c1989
300 _a335 ص
490 _a
650 0 4 _aالحرف اليدوية
650 0 4 _aالديكور
650 0 4 _aاشغال النسيج
650 0 4 _aالديكور الداخلى
942 _2ddc
_cBK
999 _c58487
_d58487